<?xml version="1.0" encoding="UTF-8"?><?xml-stylesheet type="text/xsl" href="static/style.xsl"?><OAI-PMH xmlns="http://www.openarchives.org/OAI/2.0/" xmlns:xsi="http://www.w3.org/2001/XMLSchema-instance" xsi:schemaLocation="http://www.openarchives.org/OAI/2.0/ http://www.openarchives.org/OAI/2.0/OAI-PMH.xsd"><responseDate>2026-04-17T06:06:06Z</responseDate><request verb="GetRecord" identifier="oai:www.recercat.cat:2072/421754" metadataPrefix="marc">https://recercat.cat/oai/request</request><GetRecord><record><header><identifier>oai:recercat.cat:2072/421754</identifier><datestamp>2025-05-12T20:11:58Z</datestamp><setSpec>com_2072_98</setSpec><setSpec>col_2072_378196</setSpec></header><metadata><record xmlns="http://www.loc.gov/MARC21/slim" xmlns:dcterms="http://purl.org/dc/terms/" xmlns:xsi="http://www.w3.org/2001/XMLSchema-instance" xmlns:doc="http://www.lyncode.com/xoai" xsi:schemaLocation="http://www.loc.gov/MARC21/slim http://www.loc.gov/standards/marcxml/schema/MARC21slim.xsd">
   <leader>00925njm 22002777a 4500</leader>
   <datafield ind2=" " ind1=" " tag="042">
      <subfield code="a">dc</subfield>
   </datafield>
   <datafield ind2=" " ind1=" " tag="720">
      <subfield code="a">Codina Barberà, Marc</subfield>
      <subfield code="e">author</subfield>
   </datafield>
   <datafield ind2=" " ind1=" " tag="720">
      <subfield code="a">Universitat Autònoma de Barcelona. Escola d'Enginyeria</subfield>
      <subfield code="e">author</subfield>
   </datafield>
   <datafield ind2=" " ind1=" " tag="260">
      <subfield code="c">2013</subfield>
   </datafield>
   <datafield ind2=" " ind1=" " tag="520">
      <subfield code="a">El trabajo expuesto en la presente memoria tiene como objetivo la creación de un prototipo de avisos para gente sorda. El sistema se encargará de facilitar la interactuación entre una persona con problemas auditivos y los señales sonoros que pueden hallarse en una casa. El prototipo se ha desarrollado a partir de la plataforma hardware Arduino, un Smartphone con sistema operativo Android y la tecnología de comunicaciones inalámbricas Bluetooth y ZigBee.</subfield>
   </datafield>
   <datafield ind2=" " ind1=" " tag="520">
      <subfield code="a">El treball exposat en aquesta memòria té com a objectiu la creació d'un prototip d'avisos per a gent sorda. El sistema s'encarregarà de facilitar la interactuació entre una persona amb problemes auditius i els senyals sonors que poden trobar-se en una casa. El prototip s'ha desenvolupat a partir de la plataforma maquinari Arduino, un Smartphone amb sistema operatiu Android i la tecnologia de comunicacions sense fils Bluetooth i ZigBee.</subfield>
   </datafield>
   <datafield ind2=" " ind1=" " tag="520">
      <subfield code="a">The work described in this report is intended to create a prototype of notices for deaf people. The system is responsible for facilitate the interaction between a deaf person and sound singnals that can be found in a house. The prototype has been developed from the Arduino hardware platform, a smartphone with Android operating system and Bluetooth wireless communications tehcnology and ZigBee.</subfield>
   </datafield>
   <datafield tag="653" ind2=" " ind1=" ">
      <subfield code="a">Programari d'aplicació Desenvolupament</subfield>
   </datafield>
   <datafield ind2="0" ind1="0" tag="245">
      <subfield code="a">Crear dispositivo para personas sordas (plataforma hardware Arduino)</subfield>
   </datafield>
</record></metadata></record></GetRecord></OAI-PMH>